|
|
|
|
| LEADER |
00000cam a2200000 7i4500 |
| 001 |
0000010812 |
| 005 |
20230305.0 |
| 008 |
030809 my may |
| 020 |
|
|
|a 9832479142
|
| 040 |
|
|
|a INSlbenglcINSlerda
|
| 090 |
0 |
0 |
|a HJ2960.6
|b .P4227 2002
|
| 245 |
0 |
0 |
|a Permasalahan dan penyelesaian dalam pencukaian
|c penyunting Jeyapalan Kasipillai
|
| 264 |
|
1 |
|a Sintok :
|b Institut penyelidikan pencukaian
|c 2002
|
| 264 |
|
4 |
|c ©2002
|
| 300 |
|
|
|a xiii, 266 pages :
|b illustrations ;
|c 23 cm.
|
| 336 |
|
|
|a text
|2 rdacontent
|
| 337 |
|
|
|a unmediated
|2 rdamedia
|
| 338 |
|
|
|a volume
|2 rdacarrier
|
| 650 |
|
0 |
|a Taxation
|x Law and legislation Malaysia
|
| 650 |
|
0 |
|a Taxation
|x Malaysia
|
| 700 |
0 |
|
|a Jeyapalan Kasipillai ,
|e editor
|
| 999 |
|
|
|a 0000010302
|b BOOK
|c Open Shelf
|e Default branch
|